Principles of database system / (Record no. 2679)
[ view plain ]
| 000 -LEADER | |
|---|---|
| fixed length control field | 00490cam a2200193ua 4500 |
| 041 ## - LANGUAGE CODE | |
| Language code of text/sound track or separate title | eng |
| 082 ## - DEWEY DECIMAL CLASSIFICATION NUMBER | |
| Classification number | 005.74 |
| Item number | ULL/PR |
| 100 ## - MAIN ENTRY--AUTHOR NAME | |
| Personal name | Ullman, Jeffrey D . |
| 245 ## - TITLE STATEMENT | |
| Title | Principles of database system / |
| 250 ## - EDITION STATEMENT | |
| Edition statement | 2 / |
| 260 ## - PUBLICATION, DISTRIBUTION, ETC. (IMPRINT) | |
| Place of publication | Newdelhi : |
| Name of publisher | Galgotia publications private ltd. , |
| Year of publication | 1996. |
| 300 ## - PHYSICAL DESCRIPTION | |
| Number of Pages | 484 ; . |
| 500 ## - GENERAL NOTE | |
| General note | *CSS |
| 942 ## - ADDED ENTRY ELEMENTS (KOHA) | |
| Koha item type | Books |
| Withdrawn status | Lost status | Damaged status | Home library | Current library | Shelving location | Date acquired | Full call number | Accession Number | Koha item type | Cost, normal purchase price |
|---|---|---|---|---|---|---|---|---|---|---|
| KAUAET | KAUAET | Scheme | 23/07/2018 | 005.74 ULL/PR | 19167 | Book Bank scheme for SC students | ||||
| KAUAET | KAUAET | 14/11/2024 | 005.7 ULL/PR | 19488 | Books | 160.00 |
